[Event "15th Deltalift Open 2018"]
[Site "Halmstad"]
[Date "2018.05.11"]
[Round "5"]
[White "Nilsson, Anders"]
[Black "Mejvik, Jacob"]
[Result "0-1"]
[WhiteElo "2226"]
[BlackElo "2063"]
[Annotator "TA"]
[PlyCount "110"]
[EventDate "2018.??.??"]
[EventType "swiss"]
[EventCountry "SWE"]
[SourceTitle "playchess.com"]
[Source "ChessBase"]
[SourceQuality "1"]

{[%evp 9,110,-2,15,-15,-24,-36,-19,-33,0,0,24,24,35,22,22,-16,-29,-27,-13,-23,-23,-42,-38,-67,-54,-84,-5,-7,-6,-43,-54,-263,-267,-292,-253,-437,-289,-377,-243,-265,-240,-256,-237,-257,-264,-240,-199,-204,-216,-239,-210,-259,-253,-262,-267,-340,-258,-382,-389,-370,-339,-335,-327,-474,-427,-440,-439,-472,-481,-466,-476,-469,-460,-443,-325,-339,-342,-426,-425,-447,-431,-424,-244,-547,-548,-577,-539,-1177,-1154,-1142,-862,-825,-779,-29986,-1446,-1304,-1226,-29970,-29970,-29976,-29976,-5302,-5161]} 1. d4 d5 2. c4 e6 3. Nc3 Bb4 4. e3 Nf6 5. Bd3 e5 {LiveBook: 18 Games} (5... O-O 6. Nf3 c5 7. O-O Nc6 8. cxd5 exd5 9. dxc5 Bxc5 10. b3 Qe7 11. Bb2 Rd8 12. Rc1 Bg4 13. Be2 d4 14. Nxd4 Bxd4 15. exd4 Rxd4 16. Qc2 Rad8 17. Bxg4 Nxg4 {½-½ (38) Solak,D (2626)-Vocaturo,D (2607) Heraklio 2017}) 6. cxd5 {E40: Nimzo-Indian: Rubinstein (4 e3): Unusual Black 4th moves} Qxd5 7. f3 exd4 8. exd4 {The position is equal.} O-O (8... c5 $5 {[%cal Rc5d4]} 9. a3 Bxc3+ 10. bxc3 cxd4 11. cxd4 O-O $11) 9. Nge2 c5 $146 (9... Qd8 {is more complex.} 10. a3 Ba5 11. Be3 Re8 12. Bf2 Nc6) ({Predecessor:} 9... Bf5 10. O-O Bxc3 11. bxc3 Bxd3 12. Qxd3 Nc6 13. Bf4 {0-1 (48) Muir,A (2286)-Greet,A (2458) Newcastle 2018}) 10. O-O Bxc3 11. bxc3 cxd4 12. c4 Qc5 13. Rb1 a6 14. Qb3 {Black should prevent Ba3.} Rd8 15. Re1 Nc6 16. Ba3 Qa5 $1 17. Nf4 {[#]} Rb8 (17... Bf5 $1 $17) 18. Nd5 $11 Be6 {[%cal Rf6d5]} 19. Nxf6+ gxf6 20. Rxe6 $2 ({Better is} 20. f4 $15) 20... fxe6 $19 21. c5 Re8 22. Rc1 $2 (22. Bc2) 22... Kg7 23. Bb2 Qd2 24. Rd1 Qg5 25. Qb6 Re7 26. Bc1 Qd5 27. Be4 Qd8 ({Weaker is} 27... Qxa2 28. Bxc6 Qe2 29. Ba4 $14) 28. Qb1 Kh8 29. Qb2 e5 30. Qf2 Qd7 31. Qh4 Qe6 32. h3 f5 33. Bc2 (33. Bxc6 $142 bxc6 34. Bg5) 33... Rg7 34. Rd2 Rf8 35. Bb3 Qe7 36. Qe1 (36. Qxe7 {was the only defense.} Rxe7 37. Rb2) 36... Qxc5 37. Rc2 Qd6 38. Bb2 Nb4 39. Rd2 Nd5 40. Bxd5 Qxd5 41. f4 Kg8 42. fxe5 d3 (42... Qxa2 $2 43. e6 $17) 43. e6 Rg6 44. e7 Re8 45. Ba3 f4 (45... Kf7 $142 {aiming for ...Reg8.} 46. Qh4 h6) 46. Qf2 $2 (46. Qf1 {nothing else works.} Qd4+ 47. Kh2) 46... Qe4 47. Kh2 Kf7 48. Qh4 Reg8 {[%cal Rg6g2]} 49. Qh5 Ke8 50. Rb2 Kd7 {[%cal Rg6g2]} 51. Rxb7+ Qxb7 (51... Kc8 $142 52. e8=Q+ Qxe8 53. g3 fxg3+ 54. Kg2 Kxb7 55. Qf3+ Qc6 56. Qxc6+ Rxc6 57. Bb4 Rc2+ 58. Kf3 g2 59. Ke4 g1=Q 60. Bd6 Re8+ 61. Be5 Qg3 62. Kf5 Rxe5+ 63. Kf6 Rf2#) 52. Qf5+ {[#]} Re6 $1 {[%csl Gg8][%cal Rb7g2]} ({And not} 52... Ke8 53. Qf8+ Rxf8 54. exf8=Q+ Kd7 55. Qf7+ Kc6 56. Qc4+ Kd7 57. Qf7+ Kc8 58. Qf8+ Kd7 59. Qf7+ $11) 53. Qxd3+ Kc8 {[%csl Gg8][%cal Rb7g2]} 54. Qc4+ Qc6 55. e8=R+ Rgxe8 {Precision: White = 26%, Black = 67%.} 0-1

[Event "15th Deltalift Open 2018"]
[Site "Halmstad"]
[Date "2018.05.11"]
[Round "5"]
[White "Linusson, Pelle"]
[Black "Nystrom, Jonas"]
[Result "1-0"]
[WhiteElo "2211"]
[BlackElo "1965"]
[Annotator "TA"]
[PlyCount "75"]
[EventDate "2018.??.??"]
[EventType "swiss"]
[EventCountry "SWE"]
[SourceTitle "playchess.com"]
[Source "ChessBase"]
[SourceQuality "1"]

{[%evp 10,75,16,4,26,14,194,197,203,183,265,245,262,234,265,282,301,306,306,300,314,306,306,289,294,228,234,236,222,213,233,228,239,231,245,254,302,298,290,294,330,321,312,294,29958,29958,1625,836,29992,29993,29993,1704,29989,29990,29990,841,1283,1183,1163,887,845,839,822,509,499,498,493,484]} 1. Nf3 d5 2. c4 c6 3. e3 Nf6 4. Nc3 Nbd7 5. Qc2 e6 6. b3 {LiveBook: 457 Games. A11: English Opening: 1...c6} c5 $146 ({Predecessor:} 6... Bd6 7. Bb2 O-O 8. Be2 Qe7 9. O-O b6 10. cxd5 cxd5 11. Nb5 Ba6 12. Qd1 Bxb5 13. Bxb5 a6 14. Be2 Ba3 15. Qc1 Bxb2 16. Qxb2 {½-½ (33) Ivanchuk,V (2728)-Duda,J (2707) Tbilisi 2017}) 7. Bb2 b6 $2 (7... Be7 $11) 8. cxd5 $18 {White is clearly better.} exd5 {[#]} 9. Nxd5 $1 {[%mdl 512] Black must now prevent Bb5.} Bb7 (9... a6 $142 10. Ng5 Bb7) (9... Nxd5 10. Qe4+) 10. Nxf6+ gxf6 11. Qf5 Qe7 12. Bb5 {Strongly threatening Bxf6.} Rg8 13. Bxf6 Qe6 14. Qxe6+ fxe6 15. Ne5 {[%csl Ge5][%cal Rb5d7]} Bc8 16. Bc6 Rb8 17. Nxd7 Bxd7 18. Bxd7+ Kxd7 19. Be5 Rd8 20. Rg1 Kc6 21. Ke2 Kd5 22. f4 Ke4 23. Rac1 Bg7 24. d3+ Kf5 25. g4+ Kg6 26. f5+ Kg5 $2 {[#]} (26... Kf7 $18) 27. h4+ $1 Kxh4 28. f6 Bh8 29. Bf4 e5 30. Bh6 (30. Kf3 $142 exf4 31. Kxf4 Rd4+ 32. exd4 Kh3 33. Rg3+ Kh2 34. Kf3 h6 35. Rg2+ Kh3 36. Rh1#) 30... Rg6 31. Rh1+ Kxg4 32. f7 (32. e4 $142 Rxd3 33. Kxd3 Rxh6 34. Rcg1+ Kf3 35. Rxh6 b5 36. f7 c4+ 37. bxc4) 32... Bg7 {White is clearly winning.} 33. Rcg1+ Kf5 34. Rf1+ Ke6 35. Bxg7 Rg2+ 36. Rf2 Rxf2+ 37. Kxf2 Kxf7 38. Bxe5 {Precision: White = 64%, Black = 32%.} 1-0

[Event "15th Deltalift Open 2018"]
[Site "Halmstad"]
[Date "2018.05.11"]
[Round "5"]
[White "Wahlstrom, Lennart"]
[Black "Hakansson, Stefan"]
[Result "1-0"]
[WhiteElo "2200"]
[BlackElo "2010"]
[Annotator "TA"]
[PlyCount "89"]
[EventDate "2018.??.??"]
[EventType "swiss"]
[EventCountry "SWE"]
[SourceTitle "playchess.com"]
[Source "ChessBase"]
[SourceQuality "1"]

{[%evp 13,89,-28,-16,0,0,0,0,7,1,8,27,25,81,79,117,16,25,22,28,22,25,18,67,43,45,45,18,17,16,0,0,0,22,0,22,7,18,0,0,-45,0,-28,0,0,0,0,0,0,8,0,187,44,45,0,124,127,126,122,118,135,239,190,189,46,26,43,34,13,80,29,123,0,35,28,52,37,857,1200]} 1. e4 c5 2. Nf3 Nc6 3. d4 cxd4 4. Nxd4 Nf6 5. Nc3 e5 6. Nb3 Bb4 7. Bc4 Nxe4 {[#]} 8. Bxf7+ $1 {[%mdl 512] B33: Sicilian: Pelikan and Sveshnikov Variations} Kxf7 9. Qd5+ Kf8 10. Qxe4 {The position is equal.} d5 $132 {[%mdl 2048] Black is not keeping still} 11. Qe2 $146 ({Predecessor:} 11. Qf3+ Qf6 12. Qxf6+ gxf6 13. Bh6+ Kf7 14. O-O-O Bxc3 15. bxc3 Be6 {½-½ (39) Navratil,F (2206)-Rachela,M (2308) Tatranske Zruby 2004}) 11... Be6 {aiming for ...d4.} 12. O-O Kg8 (12... Kf7 $11) 13. f4 $1 $16 e4 14. Nb5 (14. f5 $16 Bf7 15. Be3) 14... a6 $11 15. N5d4 Bf7 16. Be3 Be7 17. Rad1 Qe8 18. Qf2 Bf6 19. c3 h5 20. Rfe1 Ne7 21. Nc5 Qc8 22. Ncb3 Qc4 23. f5 Qc8 24. Rf1 h4 25. h3 Rh5 26. a4 Qc4 (26... Be8 $5 {[%cal Re8a4]}) 27. a5 Re8 28. Rd2 Nc6 29. Nxc6 $1 bxc6 30. Nd4 Re5 31. Rc1 Qa4 $2 (31... Re8 $11 {and Black has nothing to worry.}) 32. b3 (32. b4 $18 {Ra2 is the strong threat.} c5 33. Ra2 (33. bxc5 Qa3 $16)) 32... Qa3 $14 33. Rf1 Qxa5 (33... Re8 $11) 34. Nxc6 $16 Qxc3 35. Nxe5 Bxe5 {[#]} 36. Bd4 $1 {[%cal Rd4c3]} Qc7 (36... Bxd4 $16 37. Qxd4 Qxd4+ 38. Rxd4 Rh6) 37. Bxe5 Qxe5 38. Qd4 (38. Qf4 $18 Qf6 39. Rc2) 38... Rxf5 $14 39. Rxf5 Qxf5 {[%mdl 4096] Endgame KQR-KQB} 40. Rf2 Qe6 (40... Qg5 $1 $11 {keeps the balance.}) 41. Rc2 ({Better is} 41. b4 $16) 41... Qg6 {[#]} (41... Qf5 $11 {remains equal.}) 42. Rc3 ({White should try} 42. Rc8+ $1 $16 Kh7 43. Rc7) 42... Qd6 43. Rc8+ {[%mdl 1024] White has compensation.} Kh7 44. Qf2 Qg3 $2 {[%mdl 8192]} (44... Qe7 $14) 45. Qxf7 {Precision: White = 38%, Black = 27%.} 1-0

[Event "15th Deltalift Open 2018"]
[Site "Halmstad"]
[Date "2018.05.11"]
[Round "5"]
[White "Madebrink, Lars"]
[Black "Frisk, Hans"]
[Result "1-0"]
[WhiteElo "2192"]
[BlackElo "2002"]
[Annotator "TA"]
[PlyCount "35"]
[EventDate "2018.??.??"]
[EventType "swiss"]
[EventCountry "SWE"]
[SourceTitle "playchess.com"]
[Source "ChessBase"]
[SourceQuality "1"]

{[%evp 9,35,17,39,0,0,0,4,5,17,8,14,14,47,31,42,49,92,90,321,65,177,150,379,384,939,936,938,935]} 1. Nf3 Nf6 2. c4 e6 3. Nc3 b6 4. e4 {[%cal Be2e4,Be4e5][%mdl 32]} Bb7 5. Bd3 d5 {LiveBook: 18 Games} 6. e5 {A17: English Opening: 1...Nf6 with ...Bb4} (6. cxd5 exd5 7. e5 Ne4 8. Bc2 Be7 9. O-O O-O 10. Re1 Nc5 11. d4 Ne6 12. Qd3 g6 13. Bh6 Re8 {1-0 (28) Zakhartsov,V (2537)-Grekh,A (2391) Lvov 2008}) 6... dxc4 $146 ({Predecessor:} 6... Nfd7 7. cxd5 exd5 8. O-O Nc5 9. Bc2 d4 10. Nb5 Ba6 11. Nfxd4 c6 12. Qf3 cxb5 13. Qxa8 Bb7 14. Qxa7 {1-0 (34) Zahilas,L-Efthimiou,E Estia Nea Smyrni 1979}) 7. Bxc4 Nd5 8. O-O {The position is equal.} Be7 9. d4 O-O 10. Qe2 Qc8 11. Ne4 Ba6 12. b3 {[%cal Bb2b3,Bb3c4][%mdl 32]} Rd8 13. Bg5 Qb7 $2 {[#]} (13... h6 $16) 14. Rac1 $2 (14. Bxe7 $1 $18 Nxe7 15. Nfg5) 14... Rd7 (14... h6 $1 $14) 15. Rfd1 Bxc4 $2 (15... Ba3 $16) 16. bxc4 $18 Bxg5 $2 (16... Qa6 17. Qd2 Bxg5 18. Qxg5 (18. Nfxg5 Ne7 $18) 18... h6) 17. Nfxg5 ({Less strong is} 17. Nexg5 Nf4 $18) 17... Nf4 18. Qf3 {Precision: White = 57%, Black = 15%.} 1-0

[Event "15th Deltalift Open 2018"]
[Site "Halmstad"]
[Date "2018.05.11"]
[Round "5"]
[White "Lindhe, Magnus"]
[Black "Pantzar, Milton"]
[Result "0-1"]
[WhiteElo "2170"]
[BlackElo "2333"]
[Annotator "TA"]
[PlyCount "66"]
[EventDate "2018.??.??"]
[EventType "swiss"]
[EventCountry "SWE"]
[SourceTitle "playchess.com"]
[Source "ChessBase"]
[SourceQuality "1"]

{[%evp 10,66,25,27,31,47,38,39,47,44,72,64,74,63,116,78,127,12,6,0,87,83,78,60,54,35,78,45,56,77,102,97,98,109,92,55,47,0,0,0,0,-35,-37,-89,-103,-83,-85,-83,-82,-125,147,-442,-393,-29996,-29997,-29997,-29998,-29998,-29999]} 1. e4 e5 2. Nf3 Nc6 3. Bc4 Nf6 4. d3 h6 5. a3 (5. O-O d6 6. Re1 g6 7. d4 Bg4 8. Bb5 Nd7 9. Bxc6 bxc6 10. Nbd2 Bg7 11. h3 Be6 12. Nf1 exd4 13. Nxd4 c5 14. Nf5 {1-0 (42) Karjakin,S (2760)-Short,N (2678) Riadh 2017}) 5... d6 6. Nc3 {LiveBook: 13 Games. C55: Two Knights: 4 d3, 4 d4 exd4 5 e5 and Max Lange Attack} g5 $146 ({Predecessor:} 6... g6 7. h3 Bg7 8. Be3 O-O 9. Qd2 Kh7 10. g4 Nd7 11. Ne2 Nb6 12. Bxb6 axb6 13. Ng3 Ne7 14. Bb3 b5 15. Qe2 c5 16. g5 h5 17. Nxh5 gxh5 18. Nh4 d5 19. exd5 Nf5 20. Qe4 Qxg5 {0-1 (20) Sanduleac,V (2385)-Svetushkin,D (2574) Kishinev 2016}) 7. h4 g4 8. Nh2 {White is slightly better.} Rg8 9. Nf1 Nd4 10. Ng3 c6 11. Be3 Qb6 (11... Be6 $14) 12. Qd2 Qxb2 13. Ra2 (13. O-O $1 $16 {Strongly threatening Bxd4.} Qb6 14. Nce2 (14. Bxh6 Bxh6 15. Qxh6 Qd8 $14)) 13... Qb6 $11 14. O-O Be6 (14... Qa5 $11) 15. Rb1 $16 (15. Bxh6 $6 Bxh6 16. Qxh6 Bxc4 $11) 15... Qc7 16. Bxe6 fxe6 17. a4 b6 18. Nd1 (18. Bxd4 $5 exd4 19. Nce2 $14) 18... c5 19. a5 Rb8 20. axb6 ({Much worse is} 20. Bxh6 $6 b5 $11) 20... axb6 21. c3 Nc6 22. Rba1 Kf7 23. Bxh6 Bxh6 24. Qxh6 Rh8 25. Qe3 Rxh4 26. Ra8 (26. Qg5 $15 Rhh8 27. Qd2) 26... Rxa8 $17 27. Rxa8 Qb7 28. Ra2 Kg6 $1 $36 {[%mdl 2048] White is under strong pressure.} 29. Qc1 Nh5 $2 {[%mdl 8192] [#]} (29... b5 $17 {stays on course.} 30. Qb1 b4) 30. Ne2 $2 {[%mdl 8192]} (30. Nf5 $1 $16 {[%mdl 512] is forced if you want to stay better. aiming for Qh6+.} exf5 31. exf5+ Kf7 32. Qh6) 30... Qh7 $19 {( -> ...Rh1+!)} 31. g3 $2 {[#]} (31. f3 $19 Nf4 32. Nf2 gxf3 33. Nxf4+ exf4 34. Qf1) 31... Rh1+ $1 {[%mdl 512] Black mates.} 32. Kg2 {[#]} (32. Kxh1 Nxg3+) 32... Nf4+ $1 {[%mdl 512]} 33. Nxf4+ exf4 {Precision: White = 38%, Black = 49%.} 0-1

[Event "15th Deltalift Open 2018"]
[Site "Halmstad"]
[Date "2018.05.11"]
[Round "5"]
[White "Blomstrom, Lars"]
[Black "Nilsson, Eskil"]
[Result "1-0"]
[WhiteElo "2163"]
[BlackElo "1962"]
[Annotator "TA"]
[PlyCount "119"]
[EventDate "2018.??.??"]
[EventType "swiss"]
[EventCountry "SWE"]
[SourceTitle "playchess.com"]
[Source "ChessBase"]
[SourceQuality "1"]

{[%evp 18,119,-24,-19,15,-6,8,-63,-61,-55,-65,-72,-62,-69,0,0,45,41,48,8,13,4,47,13,97,81,88,84,81,58,46,46,69,49,81,58,140,136,142,155,198,197,207,168,178,151,177,130,119,90,97,84,89,86,129,102,118,113,100,99,204,202,210,200,268,252,260,188,234,234,227,162,162,159,268,267,259,259,253,246,241,225,216,34,234,34,34,0,214,67,669,665,639,625,616,616,585,501,647,568,510,464,29981,29982]} 1. e4 c5 2. Nc3 Nc6 3. g3 g6 4. Bg2 Bg7 5. d3 Rb8 6. Be3 d6 7. Qd2 b5 {[%cal Bb7b5,Bb5b4][%mdl 32]} 8. f4 b4 9. Nd1 Qc7 10. Nf3 {LiveBook: 9 Games. B26: Closed Sicilian: 3 g3, lines with early Be3} e6 {[%cal Be7e6,Be6f5][%mdl 32]} 11. O-O Nge7 12. f5 $146 (12. a3 $11) ({Predecessor:} 12. Qf2 O-O 13. Kh1 a5 14. g4 f5 15. gxf5 exf5 16. e5 dxe5 17. Bxc5 exf4 {0-1 (38) Pandurevic,M (2235)-Sax,G (2560) Tucepi 1996}) 12... exf5 $15 13. Bh6 O-O $1 14. Bxg7 Kxg7 15. Ne3 Ne5 ({Better is} 15... a5 $15) 16. exf5 $11 f6 17. fxg6 hxg6 18. d4 Nxf3+ 19. Bxf3 Bb7 20. Rae1 c4 {[#]} (20... cxd4 $11 {remains equal.} 21. Ng4 (21. Qxd4 Nc6 $11) 21... Ng8) 21. Nxc4 $1 {[%mdl 512]} Ba6 (21... Qxc4 22. Rxe7+) 22. Be2 Nf5 23. Ne3 Nxe3 24. Qxe3 Bb7 25. Bf3 Bxf3 26. Qxf3 Rf7 ({Black should try} 26... f5 $14) 27. Re6 $36 {[%cal Re6f6][%mdl 2048] Black is under strong pressure.} Rbf8 28. Rf2 Qb6 29. Qd5 Rd7 30. Rfe2 {[#] Black must now prevent Re7+.} Rff7 31. Re8 Qb7 32. Qxb7 Rxb7 $18 {[%mdl 4096] Endgame KRR-KRR} 33. Rd8 (33. Kf2 {feels hotter.} Rb6 34. Ke3 Ra6 35. Rb8 Re7+ 36. Kd2) 33... Rfd7 34. Rxd7+ Rxd7 $16 {KR-KR} 35. Kf2 Kf7 36. Ke1 Rc7 37. Kd2 Rc6 38. Re3 f5 (38... Rc4 $16) 39. Rb3 $18 a5 40. a3 Rc4 41. Kd3 d5 42. axb4 axb4 43. c3 bxc3 44. bxc3 Rc6 45. h4 Ke6 (45... Kf6 $16 46. Rb5 Rd6) 46. Ke3 Kf6 47. Kf4 Re6 48. Rb5 Rc6 49. Rc5 ({Don't play} 49. Rxd5 $6 Rxc3 50. Rc5 Rd3 $16) 49... Rd6 50. Rc8 $2 (50. g4 $18) 50... Rb6 $2 (50... Re6 $1 $14) 51. Rc7 $2 (51. Kf3 $18) 51... Re6 $1 $14 52. Rc8 {aiming for Rc5.} Re4+ (52... Rb6 $11) 53. Kf3 {Threatens to win with Rd8.} Rg4 $2 {[%mdl 8192]} (53... Re1 $14) 54. Re8 $18 Kf7 55. Re5 Kf6 56. Rxd5 Ke6 57. Rb5 {And now d5+ would win.} Kf6 58. Rb6+ Kf7 59. Rb4 {d5 is the strong threat.} Kf6 (59... Re4 $18 60. Rb7+ Kf6 61. Rb6+ Kf7) 60. d5 {Precision: White = 50%, Black = 29%.} 1-0

[Event "15th Deltalift Open 2018"]
[Site "Halmstad"]
[Date "2018.05.11"]
[Round "5"]
[White "Cramling Bellon, Anna"]
[Black "Jepson, Christian"]
[Result "0-1"]
[WhiteElo "2153"]
[BlackElo "2415"]
[Annotator "TA"]
[PlyCount "84"]
[EventDate "2018.??.??"]
[EventType "swiss"]
[EventCountry "SWE"]
[SourceTitle "playchess.com"]
[Source "ChessBase"]
[SourceQuality "1"]

{[%evp 24,84,47,43,64,29,35,10,0,0,1,0,4,-15,-15,-18,-12,-16,-16,-138,-138,-271,-264,-260,-187,-181,-188,-222,-216,-203,-215,-220,-214,-239,-229,-410,-405,-472,-477,-465,-398,-392,-340,-845,-863,-1346,-1295,-1185,-1037,-1465,-1451,-1429,-1296,-1229,-1211,-1373,-1347,-1245,-1214,-1364,-1300,-1737,-1725]} 1. d4 d5 2. c4 e6 3. Nc3 Nf6 4. cxd5 exd5 5. Bg5 c6 6. e3 Nbd7 7. Bd3 Be7 8. Nf3 Nh5 9. Bxe7 Qxe7 10. O-O O-O 11. Qb1 {D35: Queen's Gambit Declined: Exchange Variation} g6 12. b4 a6 (12... Nb6 13. b5 Ng7 14. bxc6 bxc6 15. Qc2 Bf5 16. Bxf5 Nxf5 17. Na4 Nc4 18. Nb2 Nfd6 19. Nxc4 Nxc4 {½-½ (33) Zhou,J (2597)-Lu,S (2628) Huocheng County 2017}) 13. a4 {LiveBook: 4 Games. White is slightly better.} Nb6 {[%cal Bd7b6,Bb6c8,Bc8d6,Bd6f5,Bf5e7][%mdl 32]} 14. Rc1 Be6 {[#]} 15. a5 $146 ({Predecessor:} 15. Nd2 Ng7 16. Qb3 Rfc8 17. Ne2 Bf5 18. Nf4 Bxd3 19. Nxd3 {1-0 (33) Kveinys,A (2515)-Michalczak,T (2375) Bad Woerishofen 2005}) 15... Nc8 16. Na4 Nd6 17. Nb6 Rae8 18. Rc5 Nf6 19. Nd2 Bf5 20. Bxf5 Nxf5 21. b5 (21. Rc2 $11 {remains equal.}) 21... axb5 $17 22. a6 (22. Rc1 $17 {was the only chance.}) 22... Qd8 $19 23. Na4 bxa6 24. Nb2 Qb6 25. Qc2 Ne7 26. Nd3 Nd7 27. Rc3 a5 28. Nf3 b4 29. Rc5 $2 (29. Rb3) 29... Ra8 ({Don't play} 29... Nxc5 30. Nxc5 Qa7 31. Ne5 $19) 30. Qb2 Nxc5 31. dxc5 Qb5 32. Nde5 Qxc5 33. Ng4 $2 (33. Nd7 Qc3 34. Qxc3 bxc3 35. Nxf8 Kxf8 36. Kf1) 33... Qc3 {Black is clearly winning.} 34. Qb1 b3 {[#] aiming for ...b2.} 35. Ra3 a4 36. Nd4 c5 37. Nb5 Qg7 38. e4 f5 39. exf5 gxf5 40. Ne3 f4 41. Nd1 c4 42. Nc7 {[#]} Qe5 $1 {Precision: White = 34%, Black = 53%.} 0-1

[Event "15th Deltalift Open 2018"]
[Site "Halmstad"]
[Date "2018.05.11"]
[Round "5"]
[White "Wallin, Dennis"]
[Black "Linusson, Lasse"]
[Result "1/2-1/2"]
[WhiteElo "2136"]
[BlackElo "1962"]
[Annotator "TA"]
[PlyCount "88"]
[EventDate "2018.??.??"]
[EventType "swiss"]
[EventCountry "SWE"]
[SourceTitle "playchess.com"]
[Source "ChessBase"]
[SourceQuality "1"]

{[%evp 9,88,-14,22,9,10,11,32,22,20,20,16,10,33,19,18,24,26,19,31,0,22,12,16,0,17,15,27,10,20,34,45,45,45,51,96,100,166,164,184,171,237,62,63,66,67,62,28,45,91,12,16,12,80,10,12,10,10,0,0,0,0,0,0,0,10,10,10,3,9,4,10,10,10,5,10,10,10,10,12,12,19]} 1. d4 Nf6 2. Nf3 g6 3. Bg5 d6 (3... Bg7 4. Nbd2 c5 5. e3 cxd4 6. exd4 b6 7. c3 O-O 8. Bd3 Ba6 9. Bxa6 Nxa6 10. Qe2 Nc7 11. h4 b5 12. h5 b4 13. hxg6 hxg6 14. c4 {1-0 (22) Mamedyarov,S (2809)-Svidler,P (2760) Moscow 2018}) 4. Bxf6 exf6 5. e3 Nc6 6. c4 {A48: 1 d4 Nf6 2 Nf3 g6: Torre, London and Colle Systems} Bg7 7. Nc3 Ne7 $146 ({Predecessor:} 7... O-O 8. Bd3 Re8 9. O-O f5 10. a3 a5 11. Qd2 Bd7 12. Rae1 f4 {½-½ (37) Ambrozio,B (1790)-Mattesco,A (1559) Umuarama 2013}) 8. Qb3 {White is slightly better.} f5 9. g3 Rb8 10. Bg2 h6 11. h4 Bd7 12. O-O O-O 13. Rfd1 b6 14. a4 a5 15. Rac1 Nc6 16. Nd5 Be6 17. Qc2 Ne7 18. Ne1 Re8 19. Nd3 Rc8 20. b4 axb4 21. N3xb4 Bxd5 22. cxd5 Kh8 (22... Ra8 $16) 23. Bf1 $18 f4 24. exf4 ({Resist} 24. gxf4 $6 Nf5 $16) 24... Nf5 (24... Rf8 $142 25. Qc3 Kg8) 25. Ba6 $2 {[#]} (25. Nc6 $18 Qd7 26. Bb5) 25... Nxd4 $14 26. Rxd4 Bxd4 27. Nc6 Qf6 28. Bxc8 Rxc8 29. Nxd4 (29. Re1 $16) 29... Qxd4 $11 {[%mdl 4096] Endgame KQR-KQR} 30. Qc6 {next Qd7 is good for White.} Qf6 (30... Qd2 $11) 31. Kg2 (31. Qd7 $16 Qf5 32. Rxc7 Rxc7 33. Qxc7 Qxd5 34. Qxb6 Qd1+ 35. Kh2 Qxa4 36. Qxd6) 31... h5 {The position is equal.} 32. Qb5 Kg7 33. a5 bxa5 34. Qxa5 Qd4 35. Qb5 Qe4+ 36. Kh2 Qe7 37. Qb7 Qd7 38. Rc4 Qf5 39. Qb2+ Qf6 40. Qd2 Qf5 41. Qc3+ Qf6 42. Qd3 Qf5 43. Qd2 Qf6 44. Kg2 Qf5 {Precision: White = 44%, Black = 47%.} 1/2-1/2

[Event "15th Deltalift Open 2018"]
[Site "Halmstad"]
[Date "2018.05.11"]
[Round "5"]
[White "Ask, Josef"]
[Black "Bellon Lopez, Juan Manuel"]
[Result "1/2-1/2"]
[WhiteElo "2135"]
[BlackElo "2344"]
[Annotator "TA"]
[PlyCount "77"]
[EventDate "2018.??.??"]
[EventType "swiss"]
[EventCountry "SWE"]
[SourceTitle "playchess.com"]
[Source "ChessBase"]
[SourceQuality "1"]

{[%evp 16,77,-14,-21,0,-33,-40,-39,-47,-43,31,27,20,0,0,0,0,0,0,0,-6,0,0,-22,0,0,0,0,0,0,0,0,0,0,30,30,31,21,108,34,81,80,81,88,105,100,231,80,69,69,82,73,87,63,64,66,72,0,16,0,60,0,14,0]} 1. Nf3 c5 2. g3 Nc6 3. Bg2 g6 4. O-O Bg7 5. d3 d6 6. e4 e5 7. c3 Nge7 8. Na3 {A04: Unusual lines after 1 Nf3 and King's Indian Attack} (8. a3 a5 9. a4 O-O 10. Na3 h6 11. Nh4 g5 12. Nf3 f5 13. exf5 Bxf5 14. Be3 Qd7 15. Re1 Bg4 16. Qb3+ Be6 17. Qc2 Nd5 18. Nd2 {1-0 (27) Nakamura,H (2781)-Iturrizaga Bonelli,E (2650) chess.com INT 2018}) 8... O-O 9. Nc2 {LiveBook: 15 Games} b6 10. d4 exd4 11. cxd4 Bg4 12. d5 Nd4 $146 (12... Ne5 $15 13. Nce1 f5) ({Predecessor:} 12... Ne5 13. a4 f5 14. Ne3 Bh5 15. g4 Nxg4 16. Qc2 Nxe3 17. Bxe3 Bxf3 18. Bxf3 fxe4 19. Bxe4 {0-1 (26) Packa,L (2224)-Debnar,L (2283) Slovakia 2010}) 13. Ncxd4 $14 Bxd4 14. Qb3 Bxf3 $1 15. Bxf3 f5 16. Bg5 fxe4 17. Bxe4 Qd7 18. Rae1 Nf5 19. Bg2 (19. g4 {is interesting.} Rae8 20. Kh1 Ng7 21. f3 Re5 22. f4) 19... Bf6 (19... Rae8 {with more complications.} 20. Bh3 b5 21. Re6 Be5 22. Bh6 Rf6) 20. Bxf6 Rxf6 21. Bh3 Raf8 22. Re4 Qg7 23. f4 Nd4 24. Qe3 R6f7 25. Be6 Nxe6 26. dxe6 Re7 (26... Rf5 $1 $11) 27. Rf2 (27. Qd2 $16) 27... d5 28. Re5 $36 {[%mdl 2048] White has strong initiative.} Rf5 29. Rxf5 gxf5 $16 {[%mdl 4096] Endgame [#] KQR-KQR} 30. Re2 $1 c4 {[#]} (30... Qf6 $16 {is a better defense.}) 31. Rd2 $2 (31. Qd2 $1 $18 {has better winning chances.}) 31... Qf6 32. Rxd5 {aiming for Re5.} Rxe6 33. Qd2 Kg7 34. Rd7+ Re7 35. Rd6 Re6 36. Rd7+ ({Better is} 36. Rd5 $16) 36... Re7 $11 37. Rd6 Re6 38. Rd7+ Re7 39. Rd6 {Precision: White = 43%, Black = 46%.} 1/2-1/2